000 00555nam a2200181Ia 4500
008 151202s9999||||xx |||||||||||||| ||und||
082 _bPNVM-68493
100 _aसावंत वि.कृ.
245 _aतेजस्विनी.
260 _b"मधुश्री प्रकाशन, पुणे."
260 _c68493
300 _a200
600 _aसावंत वि.कृ.
630 _aतेजस्विनी.
700 _aसावंत वि.कृ.
730 _aतेजस्विनी.
942 _cBOOK
999 _c1335003
_d1335000